000 00375nam a2200169Ia 4500
001 786
003 IN-NITTTR
005 20251114232902.0
008 251113s9999||||xx |||||||||||||| ||eng||
040 _beng
040 _cIN-NITTTR
041 _aeng
082 _a629.2275 G875B
100 _aGriffith, John
245 0 _aBuilt for speed. /
_cGriffith, John
942 _2ddc
_cBK
999 _c538
_d538